| 000 | 00616nam a22001577a 4500 | ||
|---|---|---|---|
| 003 | OSt | ||
| 005 | 20151207110527.0 | ||
| 008 | 151207b xxu||||| |||| 00| 0 eng d | ||
| 040 | _cRUA | ||
| 082 | _aFIS CHA 2005 B177 Or.1 | ||
| 100 |
_94445 _aCHAY KONG MENG; ចាយ គង់ម៉េង |
||
| 245 | _aRice fish culture in santouk district, kampong thom province.ការចិញ្ចឹមត្រីក្នុងស្រែ ក្នុងស្រុកសន្ទុក ខេត្តកំពង់ធំ. | ||
| 260 |
_aPhnom Penh _bRUA _c2005 |
||
| 300 |
_ax; 39p. _bill. _c29cm. |
||
| 942 |
_2ddc _cFIS |
||
| 999 |
_c4145 _d4145 |
||